<?xml version="1.0" encoding="UTF-8"?>
<record
    xmlns:xsi="http://www.w3.org/2001/XMLSchema-instance"
    xsi:schemaLocation="http://www.loc.gov/MARC21/slim http://www.loc.gov/standards/marcxml/schema/MARC21slim.xsd"
    xmlns="http://www.loc.gov/MARC21/slim">

  <leader>01369cam a2200181   4500</leader>
  <controlfield tag="001">845</controlfield>
  <controlfield tag="008">990123s1998    enka          001 0 eng d</controlfield>
  <datafield tag="020" ind1=" " ind2=" ">
    <subfield code="a">1860193978</subfield>
  </datafield>
  <datafield tag="100" ind1="1" ind2=" ">
    <subfield code="a">Shelley, Percy Bysshe,</subfield>
    <subfield code="d">1792-1822.</subfield>
  </datafield>
  <datafield tag="245" ind1="1" ind2="0">
    <subfield code="a">Shelley, lyrical romantic /</subfield>
    <subfield code="c">written and compiled by K.E. Sullivan.</subfield>
  </datafield>
  <datafield tag="246" ind1=" " ind2=" ">
    <subfield code="a">Spine title: Shelley: lyrical visionary</subfield>
    <subfield code="b"></subfield>
    <subfield code="f"></subfield>
    <subfield code="h"></subfield>
    <subfield code="i"></subfield>
    <subfield code="n"></subfield>
    <subfield code="p"></subfield>
  </datafield>
  <datafield tag="260" ind1=" " ind2=" ">
    <subfield code="a">London :</subfield>
    <subfield code="b">Brockhampton Press,</subfield>
    <subfield code="c">c1998.</subfield>
  </datafield>
  <datafield tag="300" ind1=" " ind2=" ">
    <subfield code="a">96 p. :</subfield>
    <subfield code="b">ill. (some col.) ;</subfield>
    <subfield code="c">24 cm.</subfield>
  </datafield>
  <datafield tag="440" ind1=" " ind2="0">
    <subfield code="a">Illustrated poetry anthology.</subfield>
  </datafield>
  <datafield tag="500" ind1=" " ind2=" ">
    <subfield code="a">Includes index.</subfield>
  </datafield>
  <datafield tag="505" ind1="0" ind2=" ">
    <subfield code="a">Queen Mab : (extract) -- The revolt of Islam : (extract) -- Prometheus unbound : (extract) -- Lines written on hearing the news of the death of Napoleon -- A summer-evening churchyard -- To Wordsworth -- Hymn to intellectual beauty -- To the Lord Chancellor -- Sonnet : Ozymandias -- The woodman the the nightingale -- Misery : a fragment -- Sonnet : Lift not the painted veil which those who live -- Ode to the west wind -- The cloud : (extract) -- To a skylark : (extract) -- The tower of famine -- Autumn -- Ode to liberty -- Adona&#xFFFD;is : (extract) -- The dirge -- Epipschydion : (extract) --Lines : If I walt in autumn's even -- To Jane : The keen stars are twinkling -- Lines : When the lamp is shattered -- Sonnets from the Greek of Moschus : (extract) -- England in 1819 -- Time.</subfield>
  </datafield>
  <datafield tag="700" ind1="1" ind2=" ">
    <subfield code="a">Sullivan, K. E.</subfield>
  </datafield>
  <datafield tag="999" ind1=" " ind2=" ">
    <subfield code="c">602</subfield>
    <subfield code="d">602</subfield>
  </datafield>
  <datafield tag="952" ind1=" " ind2=" ">
    <subfield code="0">0</subfield>
    <subfield code="1">0</subfield>
    <subfield code="2">ddc</subfield>
    <subfield code="4">0</subfield>
    <subfield code="7">0</subfield>
    <subfield code="8">MAIN</subfield>
    <subfield code="a">RTCLIB</subfield>
    <subfield code="b">RTCLIB</subfield>
    <subfield code="c">MAIN</subfield>
    <subfield code="d">2018-11-27</subfield>
    <subfield code="g">150.00</subfield>
    <subfield code="h"> </subfield>
    <subfield code="i">2257</subfield>
    <subfield code="o">821.7 SHE</subfield>
    <subfield code="p">30004068</subfield>
    <subfield code="r">2018-11-27 00:00:00</subfield>
    <subfield code="w">2018-11-27</subfield>
    <subfield code="y">MAIN</subfield>
  </datafield>
</record>
